Овцете и кучето (Запис номер 323944)
[ съкратено ]
| 000 -Лидер | |
|---|---|
| Контролно поле с фиксирана дължина | aam a22 a 4500 |
| 003 - Код на организацията, давaща контролен номер | |
| Контролно поле | BLK |
| 005 - Дата и час на последна редакция | |
| Контролно поле | 20210201104146.0 |
| 008 - Елементи от данни с фиксирана дължина | |
| fixed length control field | 180828b bul|||||r|||| 00| | bul d |
| 020 ## - Международен стандартен номер на книга ISBN | |
| Международен стандартен номер на книга ISBN | 978-954-8198-74-5 |
| 040 ## - Източник на каталожния запис | |
| Идентификатор на билиотеката - собственик на записа | BLK |
| 041 ## - Код за език | |
| Код за езика на текст/звукозапис или на отделно заглавие | Български |
| Код за езика КДБФ | Български |
| 080 ## - УДК | |
| Текстов определител УДК | Българска литература |
| УДК код - определител по УДК | 821.163.2 |
| УДК определител | -93-91 |
| УДК - код + определител | 821.163.2-93-91 |
| 100 ## - Редна дума - Автор | |
| Автор | Миташова, Милена |
| R(LIN) | 421 |
| Авторска отговорност | адапт. |
| 245 ## - Сведения за заглавието | |
| Заглавие | Овцете и кучето |
| Редно поле (дума) | Милена Миташова |
| 246 ## - Различни форми на заглавието | |
| Паралелно заглавие | The sheep and the dog / Milena Mitashova |
| 260 ## - Област на издателските данни | |
| Година на издаване | 2015 |
| 9 (RLIN) | 211614 |
| Място на издаване, разпространение и проч. | Силистра |
| Име на издателя, разпространителя и проч. | Ковачев |
| 300 ## - Физическа характеристика | |
| Страници | 16 с. |
| Илюстрации и др. | с цв. ил. |
| Размери/Мащаб | 26 см |
| 380 ## - Жанр | |
| Жанр | Детска худож. лит. |
| 500 ## - Общи забележки | |
| Забележка | Кор. опис. |
| 852 ## - Местоположение | |
| Форматна сигнатура | Цб ІІ 22533 |
| Фондова буква | Хранилище |
| 999 ## - СИСТЕМНИ КОНТРОЛНИ НОМЕРА | |
| Koha biblionumber | 323944 |
| Koha biblioitemnumber | 323944 |
| 942 ## - АРТИКУЛИ | |
| Вид на библиотечния материал | Книги |
| Източник на класификационната схема | Universal Decimal Classification |
| Скрит в OPAC | Не |
| Периодичен библиозапис | Да |
| 999 ## - СИСТЕМНИ КОНТРОЛНИ НОМЕРА | |
| Koha biblioitemnumber | 323944 |
| 999 ## - СИСТЕМНИ КОНТРОЛНИ НОМЕРА | |
| Koha biblioitemnumber | 323944 |
| Код за отписване | Код за изгубен артикул | Източник на класификационната схема | Код за повреда | Коз за рестрикции | Код за отдаване | Артикулен № | Име на библиотеката - собственик | Име на библиотеката, в която се намира в момента | Статус (Текущо местоположение) | Дата на вписване в системата | Местоположение - отдел | Цена в лева | Инвентарен номер | Систематично азбучна сигнатура | Баркод | Цена в евро | Служебен тип на артикула |
|---|---|---|---|---|---|---|---|---|---|---|---|---|---|---|---|---|---|
| Не е изгубен | Universal Decimal Classification | Не е повреден | само за читалня | ползва се в читалня | 679364 | Регионална библиотека "Любен Каравелов" Русе | Регионална библиотека "Любен Каравелов" Русе | Хранилище | 2018-08-24 | Хранилище | 5.99 | 120000822426 | Цб ІІ 22533 | 120000822426 | 3.06 | Книги |